000 00556nam a22001697a 4500
005 20170110133854.0
010 _aENG-116952
020 _a9789351437062
_c545.00
035 _aEN-100484
037 _bDBAD/PUB
082 _a000
245 _aDhaara's Guide for CDS combined defence services :
_benterance examination /
260 _aGugaon
_bLexisNexis
_c2017
270 _a14th Floor, Building No. 10, Tower-B, DLF Cyber city, Phase-II
_bGugaon
_e122002
300 _aVarious Pagings :
_bill
_c24cm(pbk)
942 _2ddc
_cEN
_h000
_mDHA
999 _c105572
_d105572